The McKinsey Engagement: (Record no. 187907)

MARC details
000 -LEADER
fixed length control field 00624nam a22001817a 4500
005 - DATE AND TIME OF LATEST TRANSACTION
control field 20220505111032.0
010 ## - LCCN (DPL NO)
LC control number ENG-132521
020 ## - INTERNATIONAL STANDARD BOOK NUMBER
International Standard Book Number 9780070147003
Terms of availability 800.00
035 ## - SYSTEM CONTROL NUMBER
System control number EN-116053
037 ## - SOURCE OF ACQUISITION
Source of stock number/acquisition DBAD/PUB
082 ## - DEWEY DECIMAL CLASSIFICATION NUMBER
Classification number 658.4022
100 ## - MAIN ENTRY--PERSONAL NAME
Personal name Friga, Paul N.
245 ## - TITLE STATEMENT
Title The McKinsey Engagement:
Remainder of title A Powerful Toolkit For More Efficient & Effective Team Problem Solving/
Statement of responsibility, etc Paul N. Friga
260 ## - PUBLICATION, DISTRIBUTION, ETC. (IMPRINT)
Place of publication, distribution, etc New Delhi
Name of publisher, distributor, etc Tata McGraw-Hill Publishing Company Limited
Date of publication, distribution, etc 2009
270 ## - ADDRESS
Address 7 West Patel Nagar
City New Delhi
Postal code 110008
300 ## - PHYSICAL DESCRIPTION
Extent xiii, 247p.
Other physical details Index
Dimensions 23cm(pbk)
942 ## - ADDED ENTRY ELEMENTS (KOHA)
Source of classification or shelving scheme Dewey Decimal Classification
Item type English Books
Classification part 658.4022
Call number suffix FRI
Holdings
Withdrawn status Lost status Not for loan Collection code Home library Current library Date acquired Source of acquisition Cost, normal purchase price Full call number Barcode Copy number Cost, replacement price Koha item type
      Non-fiction Patel Nagar Patel Nagar 05/05/2022 DBAD/PUB 800.00 658.4022 FRI EN-116053 1 800.00 English Books

© Delhi Public Library
Hit Counter
free hit counter